[Event "72nd RUS-ch Higher League 2019"]
[Site "Yaroslavl"]
[Date "2019.06.29"]
[Round "3.20"]
[White "Samojlov, Anton"]
[Black "Lomasov, Semyon"]
[Result "0-1"]
[WhiteElo "2350"]
[BlackElo "2542"]
[Annotator "ChessBase"]
[PlyCount "76"]
[EventDate "2019.06.27"]
[EventType "swiss"]
[EventCountry "RUS"]
[SourceTitle "playchess.com"]
[Source "ChessBase"]
[SourceQuality "1"]
[TimeControl "40/5400+30:1800+30"]

1. e4 {[%emt 0:01:10]} e6 {[%emt 0:00:06]} 2. d4 {[%emt 0:00:12]} d5 {[%emt 0:00:06]} 3. Bd3 {[%emt 0:00:10]} dxe4 {[%emt 0:05:09]} 4. Bxe4 {[%emt 0:00:09]} Nf6 {[%emt 0:00:40]} 5. Bf3 {[%emt 0:00:12]} c5 {[%emt 0:01:41]} 6. Ne2 {[%emt 0:00:17]} Nc6 {[%emt 0:00:32]} 7. Be3 {[%emt 0:00:36]} cxd4 {[%emt 0:00:20]} 8. Nxd4 {[%emt 0:00:38]} Ne5 {[%emt 0:00:28]} 9. Nc3 {[%emt 0:02:00]} a6 {[%emt 0:08:54]} 10. Qe2 {[%emt 0:05:50]} Nxf3+ {[%emt 0:06:32]} 11. Qxf3 {[%emt 0:00:32]} e5 {[%emt 0:32:09]} 12. Nde2 {[%emt 0:47:00]} h6 {[%emt 0:12:20]} 13. O-O {[%emt 0:07:47]} Qc7 {[%emt 0:03:43]} 14. Rad1 {[%emt 0:11:00]} Be6 {[%emt 0:06:33]} 15. Qg3 {[%emt 0:01:41]} g5 {[%emt 0:03:00]} 16. Nd4 {[%emt 0:04:56]} Bd7 {[%emt 0:03:56]} 17. Qf3 {[%emt 0:04:36]} Be7 {[%emt 0:00:39]} 18. Ne4 {[%emt 0:07:27]} Nxe4 {[%emt 0:03:00]} 19. Qxe4 {[%emt 0:00:09]} exd4 {[%emt 0:03:00]} 20. Bxd4 {[%emt 0:00:02]} Rg8 {[%emt 0:02:08]} 21. Bf6 {[%emt 0:00:50]} Be6 {[%emt 0:01:02]} 22. Be5 {[%emt 0:01:16]} f5 {[%emt 0:02:53]} 23. Qe2 {[%emt 0:01:39]} Qc4 {[%emt 0:00:25]} 24. Rd3 {[%emt 0:00:16]} Kf7 {[%emt 0:01:17]} 25. Re1 {[%emt 0:00:41]} Rad8 {[%emt 0:01:22]} 26. b3 {[%emt 0:00:22]} Qg4 {[%emt 0:00:26]} 27. f3 {[%emt 0:00:22]} Qb4 {[%emt 0:00:19]} 28. Bd4 {[%emt 0:00:33]} Rg6 {[%emt 0:00:30]} 29. c3 {[%emt 0:00:35]} Qb5 {[%emt 0:00:26]} 30. Red1 {[%emt 0:01:15]} Bc5 {[%emt 0:00:41]} 31. Qe3 {[%emt 0:00:41]} Bxd4 {[%emt 0:00:07]} 32. Rxd4 {[%emt 0:00:02]} Rxd4 {[%emt 0:00:22]} 33. Qxd4 {[%emt 0:00:08]} Rg8 {[%emt 0:00:25]} 34. c4 {[%emt 0:00:39]} Qc6 {[%emt 0:00:09]} 35. Qe5 {[%emt 0:00:01]} Rc8 {[%emt 0:00:24]} 36. Kf1 {[%emt 0:01:36]} Qc5 {[%emt 0:00:12]} 37. Qe2 {[%emt 0:00:39]} Re8 {[%emt 0:01:08]} 38. Re1 {[%emt 0:00:02]} Bd7 {[%emt 0:00:23]} 0-1

[Event "72nd RUS-ch Higher League 2019"]
[Site "Yaroslavl"]
[Date "2019.06.29"]
[Round "3.21"]
[White "Alekseenko, Kirill"]
[Black "Nesterov, Arseniy"]
[Result "1/2-1/2"]
[WhiteElo "2650"]
[BlackElo "2423"]
[Annotator "TA"]
[PlyCount "105"]
[EventDate "2019.06.27"]
[EventType "swiss"]
[EventCountry "RUS"]
[SourceTitle "playchess.com"]
[Source "ChessBase"]
[SourceQuality "1"]

{[%evp 21,104,38,38,29,27,22,40,27,28,22,34,23,19,23,20,15,25,32,37,28,27,27,25,15,25,22,31,29,37,36,37,26,26,25,25,26,32,33,27,30,44,44,44,59,62,15,48,48,53,56,82,85,61,32,32,32,32,32,32,32,32,32,51,32,32,32,32,32,32,32,32,0,0,0,31,31,31,31,32,0,0,0,32,0,0]} 1. e4 e5 2. Nf3 Nc6 3. Bb5 a6 4. Ba4 Nf6 5. O-O Nxe4 6. d4 b5 7. Bb3 d5 8. dxe5 Be6 9. c3 Be7 10. Nbd2 Nc5 11. Bc2 d4 12. Nb3 {[%cal Rb3d4] C83: Open Ruy Lopez: 9 c3 Be7} d3 13. Bb1 Nxb3 $1 14. axb3 {White is slightly better.} Bf5 15. Be3 ({Predecessor:} 15. Re1 O-O 16. Be3 Qd5 {½-½ (44) Bacrot,E (2697)-Aguera Naredo,J (2375) Skopje 2015}) 15... Qd5 $146 (15... O-O 16. Bd4 {1-0 (64) Caruana,F (2827)-Mamedyarov,S (2820) Batumi 2018}) 16. Bd4 O-O 17. Re1 {[#]} d2 $1 {[%mdl 512]} 18. Re2 (18. Qxd2 Bxb1) 18... Bxb1 19. Rxb1 Nxd4 20. Nxd4 Bg5 21. h4 Bf4 22. b4 Bxe5 23. Rxd2 Bxd4 24. Rxd4 Qf5 25. Ra1 Qf6 26. g3 Rad8 27. Rd7 h6 28. Qd2 Rfe8 29. Rd1 {[%cal Rd7d8]} Rxd7 30. Qxd7 $14 {[%mdl 4160] [#] Endgame Double Attack. KQR-KQR} Re2 31. Qd8+ Qxd8 32. Rxd8+ {KR-KR} Kh7 33. Rd7 f6 34. Rxc7 Rxb2 35. Rc5 Kg8 36. Kg2 Kf7 37. Kf3 Rc2 38. h5 Ke6 39. Rc7 Kd6 40. Rxg7 {Rh7 is the strong threat.} Rxc3+ 41. Kg4 Ke6 42. Rh7 Rc4+ 43. f4 Rxb4 44. Rxh6 {aiming for Rh8.} a5 45. Rh8 Rb1 46. h6 Rh1 47. h7 {And now Re8+ would win.} Kf7 48. Rb8 Rxh7 49. Rxb5 Kg6 50. f5+ (50. Rxa5 $5 {[%cal Rf4f5]} Rd7 51. f5+ Kh6 52. Kh4 $14) 50... Kh6 51. Rxa5 {Black must now prevent Ra8.} Rb7 52. Kh4 Ra7 53. Rxa7 {Accuracy: White = 68%, Black = 82%.} 1/2-1/2

[Event "72nd RUS-ch Higher League 2019"]
[Site "Yaroslavl"]
[Date "2019.06.29"]
[Round "3.22"]
[White "Truskavetsky, Alexandr"]
[Black "Kobalia, Mikhail"]
[Result "1/2-1/2"]
[WhiteElo "2398"]
[BlackElo "2608"]
[Annotator "TA"]
[PlyCount "109"]
[EventDate "2019.06.27"]
[EventType "swiss"]
[EventCountry "RUS"]
[SourceTitle "playchess.com"]
[Source "ChessBase"]
[SourceQuality "1"]

{[%evp 11,109,12,16,4,11,-24,4,-13,39,34,41,21,24,22,10,21,30,27,56,71,50,64,105,113,156,145,129,109,93,33,186,175,185,180,177,129,185,169,187,159,158,65,162,162,159,152,147,155,172,168,306,6,144,8,4,-22,0,0,0,0,0,0,0,0,0,0,0,0,0,-8,0,0,0,-8,-8,-8,0,-8,-8,-8,-8,-8,-8,-8,-6,-8,-8,-8,-8,-8,-8,-8,-8,-8,-8,-8,-8,-8,-8,-8]} 1. c4 e5 2. g3 Nc6 3. Bg2 g6 4. Nc3 Bg7 5. Rb1 f5 6. b4 Nf6 7. b5 {A25: English Opening vs King's Indian with ...Nc6 but without early d3} Ne7 8. e3 O-O 9. Nge2 c5 $146 (9... d5 $11) ({Predecessor:} 9... d6 10. O-O g5 11. f4 gxf4 12. exf4 Ng6 13. d3 Kh8 14. Bb2 a6 {1-0 (51) Aronian,L (2785)-Mchedlishvili,M (2601) Doha 2016}) 10. O-O d6 11. d4 e4 12. f3 $36 {[%mdl 2048] White has the initiative.} exf3 13. Bxf3 Be6 14. Bxb7 Bxc4 15. dxc5 dxc5 16. Qa4 Bd3 {...Rb8 is the strong threat.} 17. Rd1 c4 18. Nf4 ({Much worse is} 18. Bxa8 $6 Qxa8 19. Nf4 Bxb1 $14) 18... Rb8 19. Nxd3 cxd3 20. Bg2 (20. Qc4+ $16 Kh8 21. Rxd3) 20... Qc7 $2 ({Black should try} 20... Ng4 $14) 21. Rxd3 $18 Rfd8 22. Rxd8+ Rxd8 23. Ne2 Ne4 (23... Ned5 $16) 24. Qb3+ Kh8 25. Bb2 Rd2 26. Bxg7+ Kxg7 27. Bxe4 $1 Rxe2 28. Bf3 Rc2 29. Rd1 Qc5 {Hoping for ...Rc3.} 30. Qe6 Kh6 {[#]} (30... Rc1 {keeps fighting.} 31. Rxc1 Qxc1+ 32. Kg2 Qb2+ 33. Kh3 Kf8) 31. a4 $2 (31. Rd4 $1 $18 f4 32. g4 (32. Rxf4 Nf5 $14) 32... Rc1+ 33. Kg2 Rc2+ 34. Kh3 Qxb5 35. Qe4 {[%mdl 64] Double Attack} Qf1+ 36. Bg2 Rxg2 37. Qxg2 Qxg2+ 38. Kxg2 fxe3 39. Rd7) 31... f4 {[#]} (31... Rb2 $1 $11 {remains equal.} 32. Re1 Qb4) 32. gxf4 (32. g4 $1 $16) 32... Nf5 $11 {The position is equal.} 33. Rd5 Rc1+ 34. Rd1 Rxd1+ 35. Bxd1 {Black must now prevent Kf2.} Qc1 36. Qd5 Qxe3+ {[%mdl 64] Double Attack} 37. Kf1 Qxf4+ 38. Qf3 Qxh2 39. a5 $1 Qd2 {aiming for ...Ne3+.} 40. Qh1+ {[#]} Kg7 $1 {( -> ...Ne3+)} 41. Qb7+ Kf6 42. Qc6+ Ke5 (42... Kg5 $5 43. Qg2+ $8 Qxg2+ 44. Kxg2 Kf6 $11) 43. Qc5+ Kf6 44. Qc6+ $1 Qd6 (44... Kg5 $5 45. Qg2+ $8 Qxg2+ 46. Kxg2 Kf6 $11) 45. Qxd6+ Nxd6 {[%mdl 4096] Endgame KB-KN} 46. b6 axb6 47. axb6 Ke6 48. Kf2 Kd7 49. Bf3 Nc4 50. b7 Kc7 51. Kg3 g5 52. Kg4 Ne5+ 53. Kxg5 Nxf3+ 54. Kh6 Kxb7 55. Kxh7 {Accuracy: White = 57%, Black = 57%.} 1/2-1/2

[Event "72nd RUS-ch Higher League 2019"]
[Site "Yaroslavl"]
[Date "2019.06.29"]
[Round "3.23"]
[White "Bykov, Oleg"]
[Black "Belozerov, Andrei"]
[Result "0-1"]
[WhiteElo "2401"]
[BlackElo "2533"]
[Annotator "ChessBase"]
[PlyCount "148"]
[EventDate "2019.06.27"]
[EventType "swiss"]
[EventCountry "RUS"]
[SourceTitle "playchess.com"]
[Source "ChessBase"]
[SourceQuality "1"]
[TimeControl "40/5400+30:1800+30"]

1. d4 {[%emt 0:00:00]} d5 {[%emt 0:00:00]} 2. c4 {[%emt 0:00:00]} c6 {[%emt 0:00:00]} 3. Nf3 {[%emt 0:00:00]} Nf6 {[%emt 0:00:00]} 4. e3 {[%emt 0:00:00]} Bg4 {[%emt 0:00:07]} 5. h3 {[%emt 0:00:26]} Bxf3 {[%emt 0:00:11]} 6. Qxf3 {[%emt 0:00:06]} e6 {[%emt 0:00:06]} 7. Nc3 {[%emt 0:01:30]} Bb4 {[%emt 0:00:24]} 8. Bd3 {[%emt 0:01:11]} Nbd7 {[%emt 0:00:27]} 9. O-O {[%emt 0:01:48]} O-O {[%emt 0:00:24]} 10. Bd2 {[%emt 0:09:08]} Nc5 {[%emt 0:01:23]} 11. Be2 {[%emt 0:17:53]} Nce4 {[%emt 0:03:13]} 12. Be1 {[%emt 0:00:38]} Qa5 {[%emt 0:24:46]} 13. Nxe4 {[%emt 0:07:44]} Nxe4 {[%emt 0:01:10]} 14. Bd3 {[%emt 0:02:23]} Bxe1 {[%emt 0:04:50]} 15. Rfxe1 {[%emt 0:00:05]} Nf6 {[%emt 0:02:47]} 16. c5 {[%emt 0:05:41]} Rfe8 {[%emt 0:02:39]} 17. a3 {[%emt 0:04:22]} e5 {[%emt 0:02:03]} 18. b4 {[%emt 0:00:57]} Qc7 {[%emt 0:01:23]} 19. Qg3 {[%emt 0:00:50]} Re7 {[%emt 0:03:01]} 20. Qh4 {[%emt 0:05:37]} Rae8 {[%emt 0:01:55]} 21. Reb1 {[%emt 0:02:00]} exd4 {[%emt 0:08:43]} 22. exd4 {[%emt 0:02:29]} h6 {[%emt 0:02:18]} 23. Rc1 {[%emt 0:05:26]} Ne4 {[%emt 0:04:56]} 24. a4 {[%emt 0:03:31]} Re6 {[%emt 0:01:12]} 25. Rc2 {[%emt 0:09:20]} Ng5 {[%emt 0:02:46]} 26. Rf1 {[%emt 0:01:58]} Qe7 {[%emt 0:04:09]} 27. Qf4 {[%emt 0:03:23]} Rf6 {[%emt 0:01:53]} 28. Qg3 {[%emt 0:02:21]} Ne4 {[%emt 0:01:31]} 29. Qe3 {[%emt 0:00:56]} Re6 {[%emt 0:00:38]} 30. Qf4 {[%emt 0:01:04]} Rf6 {[%emt 0:05:15]} 31. Qc1 {[%emt 0:04:03]} Re6 {[%emt 0:00:42]} 32. Qf4 {[%emt 0:00:27]} Qd8 {[%emt 0:05:26]} 33. g3 {[%emt 0:05:52]} Rf6 {[%emt 0:03:40]} 34. Qg4 {[%emt 0:00:08]} Rfe6 {[%emt 0:00:30]} 35. Qf4 {[%emt 0:00:43]} h5 {[%emt 0:07:17]} 36. Kh2 {[%emt 0:02:45]} g6 {[%emt 0:01:34]} 37. h4 {[%emt 0:00:37]} Rf6 {[%emt 0:00:51]} 38. Qh6 {[%emt 0:00:50]} Rf3 {[%emt 0:01:49]} 39. Be2 {[%emt 0:00:03]} Rf5 {[%emt 0:01:17]} 40. f3 {[%emt 0:00:00]} Qf6 {[%emt 0:00:00]} 41. Qe3 {[%emt 0:12:47]} Nd6 {[%emt 0:06:09]} 42. Qf2 {[%emt 0:02:01]} Nc4 {[%emt 0:00:29]} 43. Bxc4 {[%emt 0:02:21]} dxc4 {[%emt 0:00:04]} 44. Rxc4 {[%emt 0:00:30]} Re4 {[%emt 0:02:33]} 45. Kg2 {[%emt 0:01:39]} Qe6 {[%emt 0:01:07]} 46. Rc2 {[%emt 0:00:15]} Re3 {[%emt 0:00:35]} 47. Qd2 {[%emt 0:06:33]} Qb3 {[%emt 0:03:48]} 48. Rb2 {[%emt 0:03:08]} Qa3 {[%emt 0:02:54]} 49. Ra2 {[%emt 0:00:15]} Qb3 {[%emt 0:02:25]} 50. Rb2 {[%emt 0:00:09]} Rd3 {[%emt 0:01:09]} 51. Rxb3 {[%emt 0:01:45]} Rxd2+ {[%emt 0:00:09]} 52. Rf2 {[%emt 0:00:03]} Rxd4 {[%emt 0:00:08]} 53. Re2 {[%emt 0:00:05]} Kf8 {[%emt 0:00:32]} 54. f4 {[%emt 0:01:42]} a5 {[%emt 0:03:07]} 55. bxa5 {[%emt 0:00:49]} Rxa4 {[%emt 0:00:17]} 56. Rxb7 {[%emt 0:02:00]} Rxa5 {[%emt 0:00:20]} 57. Rc2 {[%emt 0:00:33]} Rfxc5 {[%emt 0:00:49]} 58. Rxc5 {[%emt 0:00:17]} Rxc5 {[%emt 0:00:01]} 59. Rc7 {[%emt 0:00:05]} Rc3 {[%emt 0:00:44]} 60. Rd7 {[%emt 0:00:47]} Kg7 {[%emt 0:06:44]} 61. Rd6 {[%emt 0:00:06]} c5 {[%emt 0:00:51]} 62. Rc6 {[%emt 0:00:10]} c4 {[%emt 0:00:04]} 63. Kf2 {[%emt 0:02:04]} Rc1 {[%emt 0:00:18]} 64. Kg2 {[%emt 0:01:12]} c3 {[%emt 0:00:15]} 65. Kf2 {[%emt 0:00:45]} Kf8 {[%emt 0:04:04]} 66. Kg2 {[%emt 0:01:15]} Ke7 {[%emt 0:00:16]} 67. f5 {[%emt 0:00:55]} gxf5 {[%emt 0:00:16]} 68. Kh2 {[%emt 0:00:20]} Kd7 {[%emt 0:00:19]} 69. Rf6 {[%emt 0:00:55]} c2 {[%emt 0:03:16]} 70. Rxf7+ {[%emt 0:00:07]} Kd6 {[%emt 0:00:08]} 71. Rf6+ {[%emt 0:00:04]} Kd5 {[%emt 0:00:04]} 72. Rxf5+ {[%emt 0:00:05]} Kd4 {[%emt 0:00:05]} 73. Rf4+ {[%emt 0:01:29]} Ke3 {[%emt 0:00:11]} 74. Rc4 {[%emt 0:00:15]} Kd3 {[%emt 0:00:06]} 0-1

[Event "72nd RUS-ch Higher League 2019"]
[Site "Yaroslavl"]
[Date "2019.06.29"]
[Round "3.24"]
[White "Khanin, Semen"]
[Black "Kardashevskiy, Evgeny"]
[Result "1/2-1/2"]
[WhiteElo "2529"]
[BlackElo "2429"]
[Annotator "ChessBase"]
[PlyCount "127"]
[EventDate "2019.06.27"]
[EventType "swiss"]
[EventCountry "RUS"]
[SourceTitle "playchess.com"]
[Source "ChessBase"]
[SourceQuality "1"]
[TimeControl "40/5400+30:1800+30"]

1. Nf3 {[%emt 0:00:00]} Nf6 {[%emt 0:00:00]} 2. c4 {[%emt 0:00:00]} e6 {[%emt 0:00:19]} 3. b3 {[%emt 0:00:00]} d5 {[%emt 0:00:57]} 4. Bb2 {[%emt 0:00:06]} Be7 {[%emt 0:00:25]} 5. e3 {[%emt 0:00:16]} O-O {[%emt 0:00:16]} 6. Nc3 {[%emt 0:00:08]} c5 {[%emt 0:00:20]} 7. cxd5 {[%emt 0:00:08]} exd5 {[%emt 0:00:14]} 8. d4 {[%emt 0:00:07]} Nc6 {[%emt 0:00:16]} 9. Be2 {[%emt 0:00:10]} Ne4 {[%emt 0:00:44]} 10. dxc5 {[%emt 0:00:19]} Bf6 {[%emt 0:00:26]} 11. Rc1 {[%emt 0:01:00]} Qa5 {[%emt 0:00:19]} 12. Nd4 {[%emt 0:00:16]} Nxc5 {[%emt 0:00:22]} 13. Nxc6 {[%emt 0:00:10]} bxc6 {[%emt 0:00:04]} 14. O-O {[%emt 0:00:22]} Ne4 {[%emt 0:00:44]} 15. Qc2 {[%emt 0:00:49]} Nxc3 {[%emt 0:01:53]} 16. Bxc3 {[%emt 0:00:06]} Bxc3 {[%emt 0:00:08]} 17. Qxc3 {[%emt 0:00:03]} Qxa2 {[%emt 0:00:26]} 18. Rc2 {[%emt 0:00:05]} Qa3 {[%emt 0:00:21]} 19. Ra1 {[%emt 0:00:07]} Qe7 {[%emt 0:00:22]} 20. Qxc6 {[%emt 0:00:10]} Be6 {[%emt 0:00:17]} 21. Qc5 {[%emt 0:12:06]} Qxc5 {[%emt 0:00:08]} 22. Rxc5 {[%emt 0:00:04]} Rfd8 {[%emt 0:01:13]} 23. b4 {[%emt 0:02:45]} d4 {[%emt 0:16:10]} 24. exd4 {[%emt 0:00:05]} Rxd4 {[%emt 0:00:22]} 25. b5 {[%emt 0:00:15]} Rb4 {[%emt 0:29:32]} 26. h3 {[%emt 0:19:40]} g6 {[%emt 0:03:27]} 27. Rc2 {[%emt 0:16:45]} h5 {[%emt 0:07:05]} 28. Rd2 {[%emt 0:06:11]} Kf8 {[%emt 0:07:38]} 29. Kh2 {[%emt 0:04:00]} h4 {[%emt 0:04:37]} 30. Bf3 {[%emt 0:03:08]} Rc8 {[%emt 0:01:35]} 31. Bc6 {[%emt 0:00:11]} Rc7 {[%emt 0:00:43]} 32. Rd8+ {[%emt 0:00:13]} Ke7 {[%emt 0:01:12]} 33. Ra8 {[%emt 0:00:16]} Rb2 {[%emt 0:01:19]} 34. R8xa7 {[%emt 0:01:51]} Rxa7 {[%emt 0:00:08]} 35. Rxa7+ {[%emt 0:00:03]} Kd6 {[%emt 0:00:12]} 36. Ra4 {[%emt 0:02:20]} g5 {[%emt 0:01:00]} 37. f4 {[%emt 0:01:13]} g4 {[%emt 0:05:39]} 38. hxg4 {[%emt 0:00:31]} Bxg4 {[%emt 0:00:08]} 39. f5 {[%emt 0:05:21]} Bxf5 {[%emt 0:01:42]} 40. Rxh4 {[%emt 0:00:00]} Ke5 {[%emt 0:00:00]} 41. Rh5 {[%emt 0:02:33]} Kf4 {[%emt 0:04:35]} 42. Rh8 {[%emt 0:00:14]} Bd3 {[%emt 0:01:32]} 43. Rb8 {[%emt 0:09:36]} Be4 {[%emt 0:01:32]} 44. Bxe4 {[%emt 0:00:24]} Kxe4 {[%emt 0:00:08]} 45. Kh3 {[%emt 0:00:23]} Kf5 {[%emt 0:00:40]} 46. Kg3 {[%emt 0:08:26]} Rb3+ {[%emt 0:00:59]} 47. Kh4 {[%emt 0:00:40]} Rb4+ {[%emt 0:01:24]} 48. Kh3 {[%emt 0:01:49]} Kg5 {[%emt 0:01:05]} 49. g3 {[%emt 0:01:03]} Rb2 {[%emt 0:00:35]} 50. b6 {[%emt 0:00:11]} Rb4 {[%emt 0:01:29]} 51. Kg2 {[%emt 0:01:23]} Rb3 {[%emt 0:01:37]} 52. Kf2 {[%emt 0:00:16]} Kf5 {[%emt 0:01:39]} 53. Rb7 {[%emt 0:01:13]} Kf6 {[%emt 0:01:59]} 54. Kg2 {[%emt 0:00:31]} Kg6 {[%emt 0:00:47]} 55. Kh3 {[%emt 0:00:09]} Rb4 {[%emt 0:00:21]} 56. Rb8 {[%emt 0:00:45]} Kf5 {[%emt 0:00:29]} 57. Rb7 {[%emt 0:00:34]} Kg6 {[%emt 0:00:31]} 58. Rb8 {[%emt 0:03:50]} Kf5 {[%emt 0:00:20]} 59. Kg2 {[%emt 0:00:24]} Rb3 {[%emt 0:00:49]} 60. Kf2 {[%emt 0:00:09]} Kf6 {[%emt 0:03:39]} 61. Ke2 {[%emt 0:02:00]} Rxg3 {[%emt 0:01:01]} 62. Kd2 {[%emt 0:00:03]} Ke7 {[%emt 0:02:50]} 63. Kc2 {[%emt 0:00:36]} Kd7 {[%emt 0:00:34]} 64. b7 {[%emt 0:00:06]} 1/2-1/2

[Event "72nd RUS-ch Higher League 2019"]
[Site "Yaroslavl"]
[Date "2019.06.29"]
[Round "3.25"]
[White "Drygalov, Sergey"]
[Black "Salemgareev, Tagir"]
[Result "0-1"]
[WhiteElo "2492"]
[BlackElo "2412"]
[Annotator "ChessBase"]
[PlyCount "90"]
[EventDate "2019.06.27"]
[EventType "swiss"]
[EventCountry "RUS"]
[SourceTitle "playchess.com"]
[Source "ChessBase"]
[SourceQuality "1"]
[TimeControl "40/5400+30:1800+30"]

1. d4 {[%emt 0:00:00]} d5 {[%emt 0:00:55]} 2. c4 {[%emt 0:00:16]} c6 {[%emt 0:00:10]} 3. Nf3 {[%emt 0:00:03]} Nf6 {[%emt 0:00:04]} 4. e3 {[%emt 0:00:02]} Bf5 {[%emt 0:00:05]} 5. Nc3 {[%emt 0:00:04]} e6 {[%emt 0:00:03]} 6. Nh4 {[%emt 0:00:04]} Be4 {[%emt 0:00:02]} 7. f3 {[%emt 0:00:07]} Bg6 {[%emt 0:00:04]} 8. Qb3 {[%emt 0:00:10]} Qc7 {[%emt 0:00:05]} 9. Bd2 {[%emt 0:00:05]} Be7 {[%emt 0:00:04]} 10. cxd5 {[%emt 0:00:04]} cxd5 {[%emt 0:03:10]} 11. Nxg6 {[%emt 0:00:05]} hxg6 {[%emt 0:00:04]} 12. O-O-O {[%emt 0:00:04]} Nc6 {[%emt 0:00:23]} 13. Kb1 {[%emt 0:00:04]} a6 {[%emt 0:13:49]} 14. Rc1 {[%emt 0:00:04]} Rc8 {[%emt 0:00:53]} 15. Bd3 {[%emt 0:00:12]} Na5 {[%emt 0:02:38]} 16. Qa4+ {[%emt 0:05:14]} Nc6 {[%emt 0:00:36]} 17. g3 {[%emt 0:10:41]} Nd7 {[%emt 0:03:06]} 18. Ne2 {[%emt 0:02:56]} g5 {[%emt 0:02:58]} 19. e4 {[%emt 0:02:19]} Nb6 {[%emt 0:01:59]} 20. Qb3 {[%emt 0:02:13]} g6 {[%emt 0:05:56]} 21. h3 {[%emt 0:04:18]} Qd8 {[%emt 0:08:15]} 22. exd5 {[%emt 0:06:27]} exd5 {[%emt 0:00:46]} 23. f4 {[%emt 0:01:30]} gxf4 {[%emt 0:04:01]} 24. Nxf4 {[%emt 0:02:49]} O-O {[%emt 0:05:08]} 25. Bc3 {[%emt 0:02:34]} Bf6 {[%emt 0:03:45]} 26. Bxg6 {[%emt 0:11:43]} fxg6 {[%emt 0:09:22]} 27. Ne6 {[%emt 0:00:43]} Qe8 {[%emt 0:02:57]} 28. Nxf8 {[%emt 0:07:22]} Nc4 {[%emt 0:02:41]} 29. Qxb7 {[%emt 0:02:48]} Qxf8 {[%emt 0:05:53]} 30. Rhf1 {[%emt 0:03:25]} Nd6 {[%emt 0:06:57]} 31. Qxa6 {[%emt 0:05:36]} Ne4 {[%emt 0:00:34]} 32. Rce1 {[%emt 0:02:45]} Nxc3+ {[%emt 0:05:57]} 33. bxc3 {[%emt 0:00:27]} Rb8+ {[%emt 0:00:05]} 34. Kc2 {[%emt 0:07:17]} Qd6 {[%emt 0:00:53]} 35. Qd3 {[%emt 0:00:09]} Bxd4 {[%emt 0:05:14]} 36. Rb1 {[%emt 0:00:39]} Rc8 {[%emt 0:00:42]} 37. Rfd1 {[%emt 0:00:58]} Kh8 {[%emt 0:02:07]} 38. Rb3 {[%emt 0:01:48]} Bg7 {[%emt 0:00:20]} 39. Kb1 {[%emt 0:02:55]} Na5 {[%emt 0:02:18]} 40. Rb4 {[%emt 0:00:00]} Bxc3 {[%emt 0:00:00]} 41. Rb5 {[%emt 0:03:09]} Bg7 {[%emt 0:02:31]} 42. a3 {[%emt 0:02:32]} Nc4 {[%emt 0:06:17]} 43. Ka2 {[%emt 0:00:11]} Ra8 {[%emt 0:06:14]} 44. Rb3 {[%emt 0:00:05]} Qc5 {[%emt 0:00:19]} 45. Rf1 {[%emt 0:04:00]} Nxa3 {[%emt 0:01:30]} 0-1

[Event "72nd RUS-ch Higher League 2019"]
[Site "Yaroslavl"]
[Date "2019.06.29"]
[Round "3.26"]
[White "Eraschenkov, Denis"]
[Black "Airapetian, Gor"]
[Result "1-0"]
[WhiteElo "2379"]
[BlackElo "2442"]
[Annotator "NA"]
[PlyCount "71"]
[EventDate "2019.06.27"]
[EventType "swiss"]
[EventCountry "RUS"]
[SourceTitle "playchess.com"]
[Source "ChessBase"]
[SourceQuality "1"]
[TimeControl "40/5400+30:1800+30"]

1. c4 {[%emt 0:00:00]} c6 {[%emt 0:00:00]} 2. Nf3 {[%emt 0:00:20]} d5 {[%emt 0:00:11]} 3. e3 {[%emt 0:00:34]} Nf6 {[%emt 0:00:18]} 4. b3 {[%emt 0:01:50]} Bf5 {[%emt 0:03:38]} 5. Bb2 {[%emt 0:00:24]} e6 {[%emt 0:00:17]} 6. Be2 {[%emt 0:02:35]} h6 {[%emt 0:01:05]} 7. Ne5 {[%emt 0:06:19]} Be7 {[%emt 0:07:27]} 8. cxd5 {[%emt 0:17:44]} Qxd5 {[%emt 0:21:12]} 9. O-O {[%emt 0:03:00]} O-O {[%emt 0:00:19]} 10. d4 {[%emt 0:01:33]} Qd8 {[%emt 0:07:01]} 11. f3 {[%emt 0:06:55]} Bxb1 {[%emt 0:12:09]} 12. Qxb1 {[%emt 0:03:23]} Nbd7 {[%emt 0:00:07]} 13. f4 {[%emt 0:01:23]} Nd5 {[%emt 0:19:29]} 14. Rf3 {[%emt 0:11:12]} Nxe5 {[%emt 0:07:20]} 15. fxe5 {[%emt 0:00:26]} Bg5 {[%emt 0:02:52]} 16. Qe4 {[%emt 0:05:05]} f5 {[%emt 0:08:23]} 17. exf6 {[%emt 0:01:48]} Rxf6 {[%emt 0:01:15]} 18. Rxf6 {[%emt 0:06:09]} Qxf6 {[%emt 0:01:13]} 19. Rf1 {[%emt 0:00:13]} Qe7 {[%emt 0:01:26]} 20. Bd3 {[%emt 0:00:43]} Nf6 {[%emt 0:00:10]} 21. Qf3 {[%emt 0:01:13]} Rf8 {[%emt 0:01:40]} 22. e4 {[%emt 0:03:57]} Nd7 {[%emt 0:00:13]} 23. Qe2 {[%emt 0:06:49]} Rxf1+ {[%emt 0:00:11]} 24. Kxf1 {[%emt 0:01:15]} Qf7+ {[%emt 0:02:16]} 25. Kg1 {[%emt 0:00:26]} Qf4 {[%emt 0:01:08]} 26. Bc4 {[%emt 0:03:37]} Nf8 {[%emt 0:01:02]} 27. d5 {[%emt 0:01:49]} exd5 {[%emt 0:00:31]} 28. exd5 {[%emt 0:00:07]} b5 {[%emt 0:00:02]} 29. Bd3 {[%emt 0:00:27]} cxd5 {[%emt 0:00:45]} 30. Bxb5 {[%emt 0:00:07]} Bf6 {[%emt 0:00:05]} 31. g3 {[%emt 0:03:44]} Qf5 {[%emt 0:01:09]} 32. Bd3 {[%emt 0:03:51]} Qg5 {[%emt 0:00:01]} 33. Ba3 {[%emt 0:00:18]} Bd4+ {[%emt 0:01:01]} 34. Kg2 {[%emt 0:00:10]} Bb6 {[%emt 0:00:19]} 35. Qe8 {[%emt 0:04:21]} Qd2+ {[%emt 0:00:43]} 36. Be2 {[%emt 0:00:18]} 1-0